000 00410cam a22001337a 4500
008 180718b1995 xxu||||| |||| 00| 0 eng d
020 _a8174881093
082 _aB136x54 J559
245 _aRural development in India: problems and prospects
_cedited by Ugra Mohan Jha
260 _aNew Delhi
_bAnmol Publicaiton
_c1995
300 _a404p.
650 _aRural development - India
700 _aJha, Ugra Mohan, ed.
999 _c378337
_d378337